A380 operators - Statistics

General Stats
  • This quiz has been taken 69 times
  • The average score is 8 of 11
Answers on the Grid
Answers color-coded by a green-red scale on the quiz's grid according to % correct below.
Delta
All Nippon
United
American
Qatar
Emirates
Etihad
El Al
Iberia
Lufthansa
Singapore
TAP Portugal
Asiana
British
Alaska
Korean
Global
China Airlines
Air Canada
Qantas
Scandanavian
AeroMexico
Kenya Airways
Air India
ITA Airways
KLM
Malaysia
Turkish
Kenya
Air New Zealand
 
Answer Stats
Answer % Correct
Qatar
79%
British
77%
Etihad
77%
Korean
77%
Lufthansa
77%
Qantas
77%
Singapore
74%
Emirates
72%
All Nippon
69%
Asiana
62%
Global
54%
No matching quizzes found
Score Distribution
Percent of People with Each Score
Percentile by Number Answered
Your Score History
You have not taken this quiz